| 000 | 00395cam a2200157ua 4500 | ||
|---|---|---|---|
| 041 |
_amal _h |
||
| 082 |
_a894.812 308 _bRAJ/KA |
||
| 100 | _aRaju, C M . | ||
| 245 |
_aKailasathile Bhootham / _cC M Raju. _hTextual Documents |
||
| 250 |
_a2 / _b. |
||
| 260 |
_aErnamkulam : _bSree Lakshmi Vilasm Book Depot , _c1960. |
||
| 300 | _a105 ; . | ||
| 504 | _a | ||
| 942 | _cBK | ||
| 999 |
_c3868 _d3868 |
||